2 wojna światowa - quiz dla początkujących - Statystyki

Ogólne statystyki
  • Ten quiz został rozwiązany 1 203 razy
  • Średni wynik to 5 z 8
Statystyki odpowiedzi
Zagadnienie Odpowiedź % Poprawnych
Wybierz poprawną datę rozpoczęcia 2 wojny światowej 1 września 1939
93%
Wybierz poprawną datę wybuchu Powstania Warszawskiego 1 sierpnia 1944
81%
Wybierz poprawną datę lądowania w Normandii aliantów 6 czerwca 1944
75%
Wybierz poprawną datę rozpoczęcia operacji Barbarossa 22 czerwca 1941
56%
Wybierz poprawną datę samobójstwa Adolfa Hitlera 30 kwietnia 1945
55%
Bf 109 był: Samolotem
55%
Wybierz poprawną datę ataku Japończyków na Pearl Harbor 7 grudnia 1941
47%
Wybierz poprawną odpowiedź. Czym była operacja Bagration? Operacja Bagration była operacją przeprowadzoną przez ZSRS, mającą na celu okrążnie wojsk Niemieckich na terenach obecnej Łotwy
32%
Nie znaleziono quizów pasujących do podanych kryteriów
Rozkład punktacji
Procent ludzi z każdym wynikiem
Percentyl według liczby udzielonych odpowiedzi
Twoja historia wyników
Nie rozwiązałeś tego quizu